[Event "DEM U16 2025"]
[Site "Willingen GER"]
[Date "2025.06.11"]
[Round "5"]
[White "Lu, Yunong Elias"]
[Black "Bangert, Jonas"]
[Result "1/2-1/2"]
[Termination "normal"]
[Board "11"]
[WhiteElo "2072"]
[BlackElo "1969"]
[WhiteClock "00:38:09"]
[BlackClock "00:01:07"]
[PlyCount "77"]
[WhiteFideId "16276426"]
[BlackFideId "16289650"]
[EventCountry "GER"]
[EventRounds "9"]
[EventType "swiss"]
[EventDate "2025.06.07"]

1. e4 {[%clk 01:30:57]} {[%emt 00:00:02]} c6 {[%clk 01:30:53]} {[%emt
00:00:08]} 2. Nc3 {[%clk 01:31:15]} {[%emt 00:00:11]} d5 {[%clk 01:31:16]}
{[%emt 00:00:06]} 3. Nf3 {[%clk 01:31:11]} {[%emt 00:00:34]} dxe4 {[%clk
01:31:36]} {[%emt 00:00:12]} 4. Nxe4 {[%clk 01:31:35]} {[%emt 00:00:05]} Nf6
{[%clk 01:31:59]} {[%emt 00:00:07]} 5. Qe2 {[%clk 01:31:43]} {[%emt 00:00:22]}
Nxe4 {[%clk 01:31:59]} {[%emt 00:00:30]} 6. Qxe4 {[%clk 01:32:08]} {[%emt
00:00:05]} Qd5 {[%clk 01:32:19]} {[%emt 00:00:10]} 7. Qf4 {[%clk 01:30:43]}
{[%emt 00:01:55]} Qf5 {[%clk 01:31:32]} {[%emt 00:01:17]} 8. d3 {[%clk
01:29:21]} {[%emt 00:01:52]} f6 {[%clk 01:26:25]} {[%emt 00:05:37]} 9. Qxf5
{[%clk 01:28:08]} {[%emt 00:01:43]} Bxf5 {[%clk 01:26:48]} {[%emt 00:00:07]}
10. Nh4 {[%clk 01:27:32]} {[%emt 00:01:05]} Bc8 {[%clk 01:13:59]} {[%emt
00:13:20]} 11. f4 {[%clk 01:24:39]} {[%emt 00:03:23]} Nd7 {[%clk 01:12:05]}
{[%emt 00:02:24]} 12. Nf3 {[%clk 01:24:47]} {[%emt 00:00:22]} e5 {[%clk
01:10:55]} {[%emt 00:01:41]} 13. fxe5 {[%clk 01:24:57]} {[%emt 00:00:19]} Nxe5
{[%clk 01:11:22]} {[%emt 00:00:03]} 14. Nxe5 {[%clk 01:25:18]} {[%emt
00:00:10]} fxe5 {[%clk 01:11:49]} {[%emt 00:00:03]} 15. Be3 {[%clk 01:25:25]}
{[%emt 00:00:22]} Bb4+ {[%clk 01:07:34]} {[%emt 00:04:46]} 16. c3 {[%clk
01:23:04]} {[%emt 00:02:52]} Ba5 {[%clk 01:01:56]} {[%emt 00:06:08]} 17. O-O-O
{[%clk 01:22:31]} {[%emt 00:01:03]} O-O {[%clk 01:01:14]} {[%emt 00:01:11]} 18.
Bc5 {[%clk 01:18:44]} {[%emt 00:04:17]} Re8 {[%clk 00:58:24]} {[%emt 00:03:21]}
19. Be2 {[%clk 01:16:08]} {[%emt 00:03:06]} Bf5 {[%clk 00:56:27]} {[%emt
00:02:26]} 20. g4 {[%clk 01:15:00]} {[%emt 00:01:38]} Bg6 {[%clk 00:55:11]}
{[%emt 00:01:46]} 21. Be3 {[%clk 01:14:30]} {[%emt 00:01:00]} Bb6 {[%clk
00:50:09]} {[%emt 00:05:32]} 22. Bxb6 {[%clk 01:13:50]} {[%emt 00:01:10]} axb6
{[%clk 00:50:33]} {[%emt 00:00:06]} 23. a3 {[%clk 01:14:13]} {[%emt 00:00:07]}
Rad8 {[%clk 00:38:34]} {[%emt 00:12:30]} 24. h4 {[%clk 01:09:50]} {[%emt
00:04:52]} h6 {[%clk 00:37:18]} {[%emt 00:01:46]} 25. Rh3 {[%clk 01:06:49]}
{[%emt 00:03:31]} c5 {[%clk 00:36:15]} {[%emt 00:01:32]} 26. Re3 {[%clk
01:03:42]} {[%emt 00:03:37]} Re7 {[%clk 00:22:19]} {[%emt 00:14:27]} 27. Bf3
{[%clk 01:02:25]} {[%emt 00:01:47]} Kf7 {[%clk 00:16:17]} {[%emt 00:06:32]} 28.
Bg2 {[%clk 00:57:26]} {[%emt 00:05:29]} Red7 {[%clk 00:08:03]} {[%emt
00:08:45]} 29. Rxe5 {[%clk 00:54:26]} {[%emt 00:03:28]} Bxd3 {[%clk 00:07:40]}
{[%emt 00:00:55]} 30. Bf1 {[%clk 00:49:02]} {[%emt 00:05:53]} Kf6 {[%clk
00:04:12]} {[%emt 00:03:58]} 31. Re3 {[%clk 00:49:08]} {[%emt 00:00:23]} Bf5
{[%clk 00:03:20]} {[%emt 00:01:23]} 32. Rxd7 {[%clk 00:45:31]} {[%emt
00:04:08]} Bxd7 {[%clk 00:03:46]} {[%emt 00:00:03]} 33. Be2 {[%clk 00:43:05]}
{[%emt 00:02:56]} Bc6 {[%clk 00:03:36]} {[%emt 00:00:41]} 34. Bc4 {[%clk
00:38:29]} {[%emt 00:05:05]} Re8 {[%clk 00:02:43]} {[%emt 00:01:23]} 35. Kd2
{[%clk 00:38:32]} {[%emt 00:00:27]} Rxe3 {[%clk 00:01:46]} {[%emt 00:01:28]}
36. Kxe3 {[%clk 00:38:56]} {[%emt 00:00:05]} g5 {[%clk 00:00:50]} {[%emt
00:01:26]} 37. h5 {[%clk 00:37:55]} {[%emt 00:01:31]} Ke5 {[%clk 00:01:12]}
{[%emt 00:00:09]} 38. Bd3 {[%clk 00:37:46]} {[%emt 00:00:39]} Bd7 {[%clk
00:01:07]} {[%emt 00:00:35]} 39. Be2 {[%clk 00:38:09]} {[%emt 00:00:07]}
1/2-1/2

[Event "DEM U16 2025"]
[Site "Willingen GER"]
[Date "2025.06.11"]
[Round "5"]
[White "Zomartova, Ilya"]
[Black "Helms, Finn"]
[Result "1/2-1/2"]
[Termination "normal"]
[Board "12"]
[WhiteElo "1962"]
[BlackElo "2153"]
[WhiteClock "00:33:44"]
[BlackClock "00:01:43"]
[PlyCount "210"]
[WhiteFideId "13630946"]
[BlackFideId "16249143"]
[EventCountry "GER"]
[EventRounds "9"]
[EventType "swiss"]
[EventDate "2025.06.07"]

1. d4 {[%clk 01:30:56]} {[%emt 00:00:02]} Nf6 {[%clk 01:30:53]} {[%emt
00:00:08]} 2. c4 {[%clk 01:31:22]} {[%emt 00:00:04]} e6 {[%clk 01:31:19]}
{[%emt 00:00:05]} 3. Nf3 {[%clk 01:31:46]} {[%emt 00:00:05]} d5 {[%clk
01:31:38]} {[%emt 00:00:10]} 4. Nc3 {[%clk 01:32:10]} {[%emt 00:00:07]} Bb4
{[%clk 01:32:00]} {[%emt 00:00:10]} 5. e3 {[%clk 01:31:23]} {[%emt 00:01:16]}
O-O {[%clk 01:32:12]} {[%emt 00:00:17]} 6. Bd3 {[%clk 01:31:28]} {[%emt
00:00:25]} c5 {[%clk 01:30:11]} {[%emt 00:02:32]} 7. cxd5 {[%clk 01:31:45]}
{[%emt 00:00:13]} exd5 {[%clk 01:29:45]} {[%emt 00:00:56]} 8. h3 {[%clk
01:30:14]} {[%emt 00:02:01]} c4 {[%clk 01:24:23]} {[%emt 00:05:51]} 9. Bc2
{[%clk 01:29:52]} {[%emt 00:00:52]} Nc6 {[%clk 01:24:16]} {[%emt 00:00:38]} 10.
O-O {[%clk 01:29:58]} {[%emt 00:00:23]} a6 {[%clk 01:17:04]} {[%emt 00:07:43]}
11. Ne5 {[%clk 01:25:38]} {[%emt 00:04:50]} Qd6 {[%clk 01:10:08]} {[%emt
00:07:26]} 12. f4 {[%clk 01:25:17]} {[%emt 00:00:51]} b5 {[%clk 01:04:49]}
{[%emt 00:05:49]} 13. Kh2 {[%clk 01:19:43]} {[%emt 00:06:04]} Ba5 {[%clk
00:57:08]} {[%emt 00:08:11]} 14. Bd2 {[%clk 01:04:18]} {[%emt 00:15:55]} Be6
{[%clk 00:46:31]} {[%emt 00:11:06]} 15. Be1 {[%clk 01:02:40]} {[%emt 00:02:07]}
b4 {[%clk 00:38:32]} {[%emt 00:08:30]} 16. Na4 {[%clk 01:00:49]} {[%emt
00:02:21]} Ne8 {[%clk 00:23:59]} {[%emt 00:15:04]} 17. Qh5 {[%clk 00:49:07]}
{[%emt 00:12:11]} f5 {[%clk 00:23:54]} {[%emt 00:00:35]} 18. Nc5 {[%clk
00:42:45]} {[%emt 00:06:52]} Bc8 {[%clk 00:22:42]} {[%emt 00:01:42]} 19. Ba4
{[%clk 00:34:39]} {[%emt 00:08:36]} Nf6 {[%clk 00:22:34]} {[%emt 00:00:38]} 20.
Qf3 {[%clk 00:34:45]} {[%emt 00:00:22]} Nxe5 {[%clk 00:17:42]} {[%emt
00:05:24]} 21. fxe5 {[%clk 00:34:57]} {[%emt 00:00:18]} Qc7 {[%clk 00:17:52]}
{[%emt 00:00:20]} 22. Rc1 {[%clk 00:30:30]} {[%emt 00:04:58]} Ne4 {[%clk
00:15:59]} {[%emt 00:02:22]} 23. Nxe4 {[%clk 00:29:08]} {[%emt 00:01:52]} dxe4
{[%clk 00:16:13]} {[%emt 00:00:16]} 24. Qe2 {[%clk 00:28:49]} {[%emt 00:00:49]}
Be6 {[%clk 00:16:15]} {[%emt 00:00:28]} 25. Bg3 {[%clk 00:18:17]} {[%emt
00:11:03]} Rac8 {[%clk 00:12:55]} {[%emt 00:03:50]} 26. Rfd1 {[%clk 00:18:26]}
{[%emt 00:00:20]} Bd5 {[%clk 00:12:47]} {[%emt 00:00:38]} 27. e6 {[%clk
00:16:54]} {[%emt 00:02:02]} Qe7 {[%clk 00:11:38]} {[%emt 00:01:39]} 28. Bd7
{[%clk 00:17:11]} {[%emt 00:00:14]} Ra8 {[%clk 00:10:59]} {[%emt 00:01:09]} 29.
Rxc4 {[%clk 00:16:51]} {[%emt 00:00:49]} Bxe6 {[%clk 00:10:53]} {[%emt
00:00:36]} 30. Bxe6+ {[%clk 00:17:11]} {[%emt 00:00:10]} Qxe6 {[%clk 00:11:22]}
{[%emt 00:00:02]} 31. d5 {[%clk 00:16:28]} {[%emt 00:01:13]} Qd7 {[%clk
00:10:40]} {[%emt 00:01:12]} 32. d6 {[%clk 00:15:10]} {[%emt 00:01:47]} g5
{[%clk 00:07:35]} {[%emt 00:03:35]} 33. Rd5 {[%clk 00:14:09]} {[%emt 00:01:32]}
Bb6 {[%clk 00:07:02]} {[%emt 00:01:03]} 34. Rxb4 {[%clk 00:13:55]} {[%emt
00:00:44]} Qe6 {[%clk 00:06:54]} {[%emt 00:00:37]} 35. Qc4 {[%clk 00:08:14]}
{[%emt 00:06:12]} Rfc8 {[%clk 00:04:44]} {[%emt 00:02:40]} 36. Qb3 {[%clk
00:08:23]} {[%emt 00:00:21]} Bxe3 {[%clk 00:04:35]} {[%emt 00:00:39]} 37. Rxf5
{[%clk 00:08:23]} {[%emt 00:00:30]} Qxb3 {[%clk 00:04:15]} {[%emt 00:00:50]}
38. Rxb3 {[%clk 00:08:25]} {[%emt 00:00:27]} Bd2 {[%clk 00:04:29]} {[%emt
00:00:16]} 39. d7 {[%clk 00:07:19]} {[%emt 00:01:36]} Rd8 {[%clk 00:03:42]}
{[%emt 00:01:18]} 40. Rd5 {[%clk 00:07:16]} {[%emt 00:00:33]} e3 {[%clk
00:03:35]} {[%emt 00:00:37]} 41. Rxg5+ {[%clk 00:07:11]} {[%emt 00:00:35]} Kf7
{[%clk 00:03:59]} {[%emt 00:00:05]} 42. Rd5 {[%clk 00:07:29]} {[%emt 00:00:11]}
Ra7 {[%clk 00:03:11]} {[%emt 00:01:18]} 43. Rbd3 {[%clk 00:06:24]} {[%emt
00:01:35]} Bb4 {[%clk 00:03:08]} {[%emt 00:00:33]} 44. Rxe3 {[%clk 00:05:52]}
{[%emt 00:01:03]} Rdxd7 {[%clk 00:02:52]} {[%emt 00:00:45]} 45. Rxd7+ {[%clk
00:04:45]} {[%emt 00:01:37]} Rxd7 {[%clk 00:03:20]} {[%emt 00:00:02]} 46. a3
{[%clk 00:03:33]} {[%emt 00:01:42]} Bc5 {[%clk 00:03:16]} {[%emt 00:00:33]} 47.
Rf3+ {[%clk 00:03:37]} {[%emt 00:00:27]} Ke6 {[%clk 00:02:08]} {[%emt
00:01:38]} 48. b4 {[%clk 00:03:59]} {[%emt 00:00:08]} Bd4 {[%clk 00:02:06]}
{[%emt 00:00:32]} 49. Bf2 {[%clk 00:02:47]} {[%emt 00:01:42]} Be5+ {[%clk
00:02:11]} {[%emt 00:00:25]} 50. g3 {[%clk 00:03:04]} {[%emt 00:00:13]} Rd2
{[%clk 00:02:27]} {[%emt 00:00:14]} 51. Kg1 {[%clk 00:02:44]} {[%emt 00:00:49]}
Ra2 {[%clk 00:02:06]} {[%emt 00:00:52]} 52. Rb3 {[%clk 00:29:43]} {[%emt
00:03:31]} Bb2 {[%clk 00:21:00]} {[%emt 00:11:36]} 53. b5 {[%clk 00:29:54]}
{[%emt 00:00:19]} axb5 {[%clk 00:20:22]} {[%emt 00:01:09]} 54. Rxb5 {[%clk
00:30:09]} {[%emt 00:00:14]} Be5 {[%clk 00:12:45]} {[%emt 00:08:07]} 55. Ra5
{[%clk 00:26:20]} {[%emt 00:04:19]} Bd6 {[%clk 00:09:27]} {[%emt 00:03:48]} 56.
a4 {[%clk 00:25:44]} {[%emt 00:01:06]} Kf6 {[%clk 00:07:37]} {[%emt 00:02:19]}
57. Rh5 {[%clk 00:24:24]} {[%emt 00:01:49]} Kg6 {[%clk 00:07:50]} {[%emt
00:00:17]} 58. Rh4 {[%clk 00:24:45]} {[%emt 00:00:06]} h5 {[%clk 00:05:11]}
{[%emt 00:03:13]} 59. Rc4 {[%clk 00:24:49]} {[%emt 00:00:25]} Kf5 {[%clk
00:05:03]} {[%emt 00:00:39]} 60. Kg2 {[%clk 00:23:57]} {[%emt 00:01:21]} Be5
{[%clk 00:03:06]} {[%emt 00:02:28]} 61. g4+ {[%clk 00:23:25]} {[%emt 00:01:03]}
hxg4 {[%clk 00:03:23]} {[%emt 00:00:13]} 62. hxg4+ {[%clk 00:23:29]} {[%emt
00:00:25]} Ke6 {[%clk 00:02:53]} {[%emt 00:01:00]} 63. Kf3 {[%clk 00:23:17]}
{[%emt 00:00:40]} Kd5 {[%clk 00:03:00]} {[%emt 00:00:25]} 64. Rb4 {[%clk
00:22:08]} {[%emt 00:01:38]} Bd6 {[%clk 00:02:46]} {[%emt 00:00:44]} 65. Rb5+
{[%clk 00:22:13]} {[%emt 00:00:26]} Kc4 {[%clk 00:02:52]} {[%emt 00:00:25]} 66.
Rb1 {[%clk 00:21:12]} {[%emt 00:01:27]} Rxa4 {[%clk 00:02:50]} {[%emt
00:00:35]} 67. Rd1 {[%clk 00:21:37]} {[%emt 00:00:05]} Ra6 {[%clk 00:01:46]}
{[%emt 00:01:35]} 68. g5 {[%clk 00:21:53]} {[%emt 00:00:14]} Be7 {[%clk
00:01:52]} {[%emt 00:00:24]} 69. Kg4 {[%clk 00:22:18]} {[%emt 00:00:05]} Ra5
{[%clk 00:02:06]} {[%emt 00:00:17]} 70. Be3 {[%clk 00:22:33]} {[%emt 00:00:14]}
Rd5 {[%clk 00:01:45]} {[%emt 00:00:50]} 71. Rf1 {[%clk 00:22:42]} {[%emt
00:00:20]} Kd3 {[%clk 00:01:55]} {[%emt 00:00:22]} 72. Bf4 {[%clk 00:23:04]}
{[%emt 00:00:07]} Bxg5 {[%clk 00:00:44]} {[%emt 00:01:42]} 73. Bxg5 {[%clk
00:23:29]} {[%emt 00:00:05]} Rd4+ {[%clk 00:01:07]} {[%emt 00:00:07]} 74. Kf3
{[%clk 00:23:46]} {[%emt 00:00:11]} Kc4 {[%clk 00:01:21]} {[%emt 00:00:19]} 75.
Rc1+ {[%clk 00:24:08]} {[%emt 00:00:08]} Kd5 {[%clk 00:01:28]} {[%emt
00:00:22]} 76. Be3 {[%clk 00:24:26]} {[%emt 00:00:11]} Rh4 {[%clk 00:01:43]}
{[%emt 00:00:16]} 77. Rc5+ {[%clk 00:24:51]} {[%emt 00:00:06]} Kd6 {[%clk
00:01:59]} {[%emt 00:00:13]} 78. Ra5 {[%clk 00:25:14]} {[%emt 00:00:08]} Kc6
{[%clk 00:02:02]} {[%emt 00:00:27]} 79. Bf4 {[%clk 00:25:37]} {[%emt 00:00:06]}
Rh3+ {[%clk 00:01:51]} {[%emt 00:00:42]} 80. Ke4 {[%clk 00:26:02]} {[%emt
00:00:04]} Rb3 {[%clk 00:01:59]} {[%emt 00:00:23]} 81. Be5 {[%clk 00:26:17]}
{[%emt 00:00:13]} Rb5 {[%clk 00:01:44]} {[%emt 00:00:46]} 82. Ra6+ {[%clk
00:26:32]} {[%emt 00:00:16]} Rb6 {[%clk 00:01:43]} {[%emt 00:00:31]} 83. Ra7
{[%clk 00:26:52]} {[%emt 00:00:08]} Rb7 {[%clk 00:02:02]} {[%emt 00:00:13]} 84.
Ra4 {[%clk 00:27:10]} {[%emt 00:00:11]} Kc5 {[%clk 00:01:59]} {[%emt 00:00:33]}
85. Bd4+ {[%clk 00:27:27]} {[%emt 00:00:13]} Kb5 {[%clk 00:02:07]} {[%emt
00:00:23]} 86. Ra1 {[%clk 00:27:47]} {[%emt 00:00:10]} Re7+ {[%clk 00:02:26]}
{[%emt 00:00:11]} 87. Kd3 {[%clk 00:28:09]} {[%emt 00:00:07]} Rc7 {[%clk
00:02:40]} {[%emt 00:00:16]} 88. Rb1+ {[%clk 00:28:33]} {[%emt 00:00:07]} Kc6
{[%clk 00:03:02]} {[%emt 00:00:07]} 89. Rb6+ {[%clk 00:28:59]} {[%emt
00:00:04]} Kd5 {[%clk 00:03:18]} {[%emt 00:00:13]} 90. Rb5+ {[%clk 00:29:25]}
{[%emt 00:00:04]} Kc6 {[%clk 00:03:26]} {[%emt 00:00:22]} 91. Rh5 {[%clk
00:29:44]} {[%emt 00:00:11]} Rf7 {[%clk 00:03:09]} {[%emt 00:00:46]} 92. Kc4
{[%clk 00:30:10]} {[%emt 00:00:05]} Rd7 {[%clk 00:02:41]} {[%emt 00:00:59]} 93.
Ra5 {[%clk 00:30:08]} {[%emt 00:00:31]} Kd6 {[%clk 00:02:49]} {[%emt 00:00:23]}
94. Ra6+ {[%clk 00:30:25]} {[%emt 00:00:13]} Ke7 {[%clk 00:03:02]} {[%emt
00:00:16]} 95. Rh6 {[%clk 00:30:48]} {[%emt 00:00:07]} Kf7 {[%clk 00:02:48]}
{[%emt 00:00:44]} 96. Kd3 {[%clk 00:31:02]} {[%emt 00:00:16]} Re7 {[%clk
00:02:59]} {[%emt 00:00:19]} 97. Rf6+ {[%clk 00:31:29]} {[%emt 00:00:02]} Kg7
{[%clk 00:03:00]} {[%emt 00:00:30]} 98. Kc4 {[%clk 00:31:50]} {[%emt 00:00:09]}
Rf7 {[%clk 00:01:53]} {[%emt 00:01:37]} 99. Ra6+ {[%clk 00:32:10]} {[%emt
00:00:10]} Kh7 {[%clk 00:02:04]} {[%emt 00:00:20]} 100. Kd5 {[%clk 00:32:33]}
{[%emt 00:00:07]} Rf1 {[%clk 00:02:03]} {[%emt 00:00:29]} 101. Ke6 {[%clk
00:32:33]} {[%emt 00:00:30]} Kg6 {[%clk 00:02:17]} {[%emt 00:00:18]} 102. Ra8
{[%clk 00:32:43]} {[%emt 00:00:17]} Kg5 {[%clk 00:02:01]} {[%emt 00:00:48]}
103. Rg8+ {[%clk 00:33:08]} {[%emt 00:00:05]} Kh4 {[%clk 00:02:18]} {[%emt
00:00:13]} 104. Ke5 {[%clk 00:33:26]} {[%emt 00:00:11]} Kh5 {[%clk 00:02:26]}
{[%emt 00:00:23]} 105. Be3 {[%clk 00:33:44]} {[%emt 00:00:12]} Rf7 {[%clk
00:01:43]} {[%emt 00:01:13]} Be3 {[%clk 00:33:44]} {[%emt 00:00:12]} Rf7 {[%clk
00:01:43]} {[%emt 00:01:13]} 106. Rg5 {[%clk 00:34:07]} {[%emt 00:00:07]} Kh4
{[%clk 00:02:02]} {[%emt 00:00:11]} 107. Ke4 {[%clk 00:34:25]} {[%emt
00:00:10]} Re7+ {[%clk 00:02:06]} {[%emt 00:00:28]} 108. Kf4 {[%clk 00:34:36]}
{[%emt 00:00:18]} Rf7+ {[%emt 00:01:27]} 1/2-1/2

[Event "DEM U16 2025"]
[Site "Willingen GER"]
[Date "2025.06.11"]
[Round "5"]
[White "Weber, Nikita"]
[Black "Rose, Simeon"]
[Result "1-0"]
[Termination "normal"]
[Board "13"]
[WhiteElo "2074"]
[BlackElo "1864"]
[WhiteClock "00:46:22"]
[BlackClock "00:12:17"]
[PlyCount "101"]
[WhiteFideId "34608770"]
[BlackFideId "34625062"]
[EventCountry "GER"]
[EventRounds "9"]
[EventType "swiss"]
[EventDate "2025.06.07"]

1. Nf3 {[%clk 01:30:57]} {[%emt 00:00:01]} f5 {[%clk 01:30:21]} {[%emt
00:00:40]} 2. d3 {[%clk 01:31:15]} {[%emt 00:00:12]} d6 {[%clk 01:30:39]}
{[%emt 00:00:13]} 3. g3 {[%clk 01:30:00]} {[%emt 00:01:44]} e5 {[%clk
01:30:49]} {[%emt 00:00:20]} 4. c4 {[%clk 01:28:35]} {[%emt 00:01:54]} Nf6
{[%clk 01:30:16]} {[%emt 00:01:04]} 5. Bg2 {[%clk 01:28:59]} {[%emt 00:00:06]}
g6 {[%clk 01:29:11]} {[%emt 00:01:36]} 6. Nc3 {[%clk 01:23:51]} {[%emt
00:05:37]} Bg7 {[%clk 01:28:51]} {[%emt 00:00:50]} 7. O-O {[%clk 01:20:42]}
{[%emt 00:03:39]} O-O {[%emt 00:01:10]} 8. Bd2 {[%emt 00:03:53]} Nbd7 {[%clk
01:23:59]} {[%emt 00:04:20]} 9. b4 {[%emt 00:10:03]} a5 {[%clk 01:15:42]}
{[%emt 00:01:06]} 10. a3 {[%emt 00:12:12]} axb4 {[%clk 01:11:35]} {[%emt
00:00:42]} 11. axb4 {[%clk 01:08:26]} {[%emt 00:00:06]} Rxa1 12. Qxa1 e4 {[%clk
01:09:03]} {[%emt 00:05:05]} 13. Ng5 Ne5 {[%emt 00:09:37]} 14. dxe4 {[%emt
00:02:55]} Nxe4 {[%clk 01:04:50]} {[%emt 00:01:54]} 15. Ngxe4 {[%clk 00:57:10]}
{[%emt 00:00:25]} fxe4 {[%clk 01:05:11]} {[%emt 00:00:10]} 16. Bxe4 {[%emt
00:02:09]} Bh3 {[%clk 00:58:15]} {[%emt 00:05:52]} 17. Rd1 {[%clk 00:42:58]}
{[%emt 00:14:36]} Qf6 {[%clk 00:55:55]} {[%emt 00:02:50]} 18. Qa7 {[%clk
00:41:24]} {[%emt 00:02:04]} Nxc4 {[%clk 00:50:46]} {[%emt 00:05:39]} 19. Bd5+
{[%clk 00:40:09]} {[%emt 00:01:45]} Be6 {[%clk 00:50:41]} {[%emt 00:00:35]} 20.
Ne4 {[%clk 00:40:05]} {[%emt 00:00:33]} Qe7 {[%clk 00:48:09]} {[%emt 00:03:03]}
21. Bg5 {[%clk 00:39:58]} {[%emt 00:00:37]} Qf7 {[%clk 00:46:45]} {[%emt
00:01:52]} 22. Qxb7 {[%clk 00:39:07]} {[%emt 00:01:23]} Bxd5 {[%clk 00:33:49]}
{[%emt 00:13:26]} 23. Qxd5 {[%emt 00:01:59]} Qxd5 {[%clk 00:31:02]} {[%emt
00:01:20]} 24. Rxd5 {[%clk 00:40:03]} {[%emt 00:00:01]} h6 {[%clk 00:27:59]}
{[%emt 00:03:34]} 25. Bd2 {[%clk 00:39:10]} {[%emt 00:01:23]} Re8 {[%clk
00:26:38]} {[%emt 00:01:50]} 26. f3 {[%clk 00:38:40]} {[%emt 00:01:00]} Nb6
{[%clk 00:23:52]} {[%emt 00:03:17]} 27. Rd3 {[%clk 00:33:23]} {[%emt 00:05:46]}
d5 {[%clk 00:21:59]} {[%emt 00:02:23]} 28. Nc3 {[%clk 00:33:40]} {[%emt
00:00:11]} Bxc3 {[%clk 00:15:27]} {[%emt 00:07:04]} 29. Rxc3 {[%clk 00:34:09]}
{[%emt 00:00:02]} Rxe2 {[%clk 00:15:48]} {[%emt 00:00:09]} 30. Bxh6 {[%clk
00:34:29]} {[%emt 00:00:09]} Nc4 {[%clk 00:14:20]} {[%emt 00:01:59]} 31. Bf4
{[%clk 00:33:36]} {[%emt 00:01:23]} c6 {[%clk 00:13:24]} {[%emt 00:01:26]} 32.
Rb3 {[%clk 00:33:07]} {[%emt 00:00:58]} Rb2 {[%clk 00:11:07]} {[%emt 00:02:48]}
33. Rxb2 {[%clk 00:33:09]} {[%emt 00:00:28]} Nxb2 {[%clk 00:11:36]} 34. Kf1
{[%clk 00:31:23]} {[%emt 00:02:16]} Kf7 {[%clk 00:09:38]} {[%emt 00:02:28]} 35.
Ke2 {[%clk 00:31:43]} {[%emt 00:00:10]} Ke6 {[%clk 00:09:07]} {[%emt 00:01:01]}
36. h4 {[%clk 00:29:55]} {[%emt 00:02:17]} Nc4 {[%clk 00:06:32]} {[%emt
00:03:06]} 37. g4 {[%clk 00:29:28]} {[%emt 00:00:57]} Nb6 {[%clk 00:06:17]}
{[%emt 00:00:45]} 38. Kd3 {[%clk 00:29:41]} {[%emt 00:00:17]} Nd7 {[%clk
00:05:21]} {[%emt 00:01:26]} 39. Kd4 {[%clk 00:30:02]} {[%emt 00:00:08]} Nf6
{[%clk 00:04:42]} {[%emt 00:01:09]} 40. Kc5 {[%clk 00:30:13]} {[%emt 00:00:20]}
Kd7 {[%clk 00:03:59]} {[%emt 00:01:14]} 41. Be5 {[%clk 00:30:31]} {[%emt
00:00:11]} Ng8 {[%clk 00:28:29]} {[%emt 00:06:00]} 42. Bg7 {[%clk 00:56:06]}
{[%emt 00:04:55]} Ne7 {[%clk 00:27:26]} {[%emt 00:01:32]} 43. Bf8 {[%clk
00:50:47]} {[%emt 00:05:49]} Ng8 {[%clk 00:26:21]} {[%emt 00:01:34]} 44. Bg7
{[%clk 00:50:35]} {[%emt 00:00:43]} Ne7 {[%clk 00:25:59]} {[%emt 00:00:53]} 45.
Bf6 {[%clk 00:50:34]} {[%emt 00:00:30]} Nc8 {[%clk 00:24:08]} {[%emt 00:02:20]}
46. h5 {[%clk 00:46:26]} {[%emt 00:04:38]} gxh5 {[%clk 00:18:41]} {[%emt
00:05:58]} 47. gxh5 {[%clk 00:46:06]} {[%emt 00:00:50]} Ke6 {[%clk 00:14:40]}
{[%emt 00:04:31]} 48. Bd4 {[%clk 00:46:22]} {[%emt 00:00:13]} Kf5 {[%clk
00:12:17]} 49. Kxd5 {[%clk 00:46:22]} Ne7+ {[%clk 00:12:17]} 50. Kd6 {[%clk
00:46:22]} Ng8 {[%clk 00:12:17]} 51. b5 {[%clk 00:46:22]} 1-0